Orachante ormakurippukal / (Record no. 13580)
[ view plain ]
| 000 -LEADER | |
|---|---|
| fixed length control field | 00296cam a2200121ua 4500 |
| 020 ## - INTERNATIONAL STANDARD BOOK NUMBER | |
| ISBN | 9788122605884 |
| 082 ## - DEWEY DECIMAL CLASSIFICATION NUMBER | |
| Classification number | 894.812 803 |
| Item number | EAC/OR |
| 100 ## - MAIN ENTRY--AUTHOR NAME | |
| Personal name | Eachara , Varier . |
| 245 00 - TITLE STATEMENT | |
| Title | Orachante ormakurippukal / |
| 260 ## - PUBLICATION, DISTRIBUTION, ETC. (IMPRINT) | |
| Place of publication | Thrissur : |
| Name of publisher | Current Books , |
| Year of publication | 2005. |
| 300 ## - PHYSICAL DESCRIPTION | |
| Number of Pages | 144 ; . |
| 942 ## - ADDED ENTRY ELEMENTS (KOHA) | |
| Koha item type | Books |
| Withdrawn status | Lost status | Damaged status | Collection code | Home library | Current library | Shelving location | Date acquired | Full call number | Accession Number | Koha item type |
|---|---|---|---|---|---|---|---|---|---|---|
| Fiction | KAUAET | KAUAET | Fiction | 14/05/2012 | 894.812 803 EAC/OR | 21548 | Books |
